01000nam a2200265 i 4500001001000000003000900010005001700019007000300036008004100039040003000080082003100110100004400141245005600185250002200241264004300263300003600306590002700342610004700369650005400416651005400470910003700524942001400561952014200575999001700717000038584DO-SdBNP20260321073642.0ta081127s1992 dr ac 000 0 spa d aDO-SdBNPbspacBNPHUerda 4a324.27293bB742p, 19922221 a Bosch, Juan, d1909-2001eautor97655513aEl PLD un partido nuevo en América /cJuan Bosch. aSegunda edición aSanto Domingo :bEl Estudiante,c1992. a177 p. :bil., retrs. ;c21 cm. aInventariado, 2019/MFF24aPartido de la Liberación Dominicana9284 4aPartidos políticosxRepública dominicana9660 0aRepública DominicanaxPolítica y gobierno945 aValidado. Control de calidad MFF 2ddccLBS1 00102ddc51708PDaBNPHUbBNPHUcHDd2013-04-15l0oBNPHU PD 324.27293 B742p 1992p38584-10r2020-06-25w2020-06-25yLBS1ZNo se presta c38074d38074